| 000 | 00497nam a2200193Ia 4500 | ||
|---|---|---|---|
| 005 | 20250326125220.0 | ||
| 008 | 250326s9999 xx 000 0 und d | ||
| 037 | _aTextbook | ||
| 040 |
_aFMSL _beng _cFMSL |
||
| 041 |
_aeng _2eng |
||
| 084 |
_aX5:54 L1 _qFMSL |
||
| 100 |
_aSyrett W W _9281464 |
||
| 245 | 0 |
_aFice of oversea trade _cSyrett W W |
|
| 250 | _a5 | ||
| 260 |
_aLondon _bLondon, Pitman _c1971 |
||
| 300 | _a281p | ||
| 942 |
_cTB _hX5:54 L1 |
||
| 999 |
_c1277044 _d1277044 |
||